Welcome to CU Library Online Public Access Catalogue (OPAC)

Project management; (Record no. 4800)

MARC details
000 -LEADER
fixed length control field 00391nam a22001457a 4500
005 - DATE AND TIME OF LATEST TRANSACTION
control field 20250314142107.0
008 - FIXED-LENGTH DATA ELEMENTS--GENERAL INFORMATION
fixed length control field 250314b |||||||| |||| 00| 0 eng d
020 ## - INTERNATIONAL STANDARD BOOK NUMBER
International Standard Book Number 9780333777657
050 ## - LIBRARY OF CONGRESS CALL NUMBER
Classification number HD69
Item number .P75 KEE
100 ## - MAIN ENTRY--PERSONAL NAME
Personal name Keeling, Ralph
245 ## - TITLE STATEMENT
Title Project management;
Remainder of title an international perspective
260 ## - PUBLICATION, DISTRIBUTION, ETC.
Place of publication, distribution, etc. Palgrave
Name of publisher, distributor, etc. New York
Date of publication, distribution, etc. c2000
300 ## - PHYSICAL DESCRIPTION
Extent 215p;
Other physical details ill.;
942 ## - ADDED ENTRY ELEMENTS (KOHA)
Source of classification or shelving scheme Library of Congress Classification
Koha item type Books
Suppress in OPAC No
999 ## -
-- 4800
-- 4800
Holdings
Withdrawn status Lost status Source of classification or shelving scheme Damaged status Not for loan Collection Home library Current library Shelving location Date acquired Total checkouts Full call number Barcode Date last seen Copy number Price effective from Koha item type
    Library of Congress Classification     Non-fiction Undergraduate Library (Christ Temple) Undergraduate Library (Christ Temple) General stacks 03/14/2025   HD69.P75 KEE ulct00001740 03/14/2025 1 03/14/2025 Books
© 2023-2024 Copyright: Central University Libraries. All Rights Reserved | Created by: Mahone Tech Office